000 01000cab a2200229 4500
001 A391
008 090401t1984 xxu||||| |||| 00| 0 eng d
035 _a(Sirsi) u28934
041 _aeng
100 _aBaum, A.
245 4 _aThe all-risks yield: exposing the implicit
260 _c1984
350 _a0
490 _aJournal of Valuation
_v(1984) 2 JV 229-239(11)
520 _aExamines the degree to which it is possible to make the analysis and valuation of property investments an explicit exercise. This is in direct contrast to the closed implicit nature of the practice which currently prevails, and is epitomised by the use of the `all-risks yield` as a single guage of the complex relationships of advantages and disadvantages within a particular investment.
650 _aPROPERTY INVESTMENT
650 _aSHORT LEASEHOLD INTERESTS
650 _aYIELDS
690 _aPROPERTY-COMMERCIAL PROPERTY-COMMERCIAL PROPERTY FINANCE AND INVESTMENT
942 _n0
948 _c04/03/1997
999 _c19467
_d19467